000
00208 a2200097 4500
001
18968
100
_a
Frecman P
245
_a
Lubricatin and friction
260
_a
_b
McGraw Hil
_c
1962
090
_c
14054
_d
14054
942
_a
NUST-CAE
_c
M
_c
4508
999
_c
254041
_d
254041